Online Catalogue and eLibrary

Social movements and social structure : (Record no. 511)

MARC details
000 -LEADER
fixed length control field 00605cam a2200205 a 4500
001 - CONTROL NUMBER
control field 4275199
005 - DATE AND TIME OF LATEST TRANSACTION
control field 20240228041213.0
008 - FIXED-LENGTH DATA ELEMENTS--GENERAL INFORMATION
fixed length control field 840928s1983 ii b 001 0 eng
040 ## - CATALOGING SOURCE (பட்டியலாக்க மூலம்)
Original cataloging agency DLC
Transcribing agency DLC
Modifying agency DLC
082 00 - DDC Classification
Class No. 322.3.
DDC Edition Number 19
Item Number - Author Mark SOC.
100 1# - MAIN ENTRY--PERSONAL NAME
Personal name Surana, Pushpendra.
245 10 - TITLE STATEMENT
Title Social movements and social structure :
Remainder of title a study in the princely state of Mewar /
Statement of responsibility, etc. Pushpendra Surana.
260 ## - PUBLICATION, DISTRIBUTION, ETC.
Place of publication, distribution, etc. New Delhi :
Name of publisher, distributor, etc. Manohar Publications /
Date of publication, distribution, etc. 1983.
300 ## - PHYSICAL DESCRIPTION
Extent (e.g. Volumes, Pages etc.) xiv, 194 p. :
500 ## - GENERAL NOTE
General note Includes index.
650 #0 - SUBJECT ADDED ENTRY--TOPICAL TERM
Topical term or geographic name entry element Social movements
650 #0 - SUBJECT ADDED ENTRY--TOPICAL TERM
Topical term or geographic name entry element Peasant uprisings
650 #0 - SUBJECT ADDED ENTRY--TOPICAL TERM
Topical term or geographic name entry element Farm tenancy
942 ## - Koha item type (Biblio)
Koha item type Books in Stacks (Lending)
Holdings
Lost status Damaged status Collection code Home library Current library Date acquired Full call number Accession Number Item type
    Lending WERC Library WERC Library 02/28/2024 322.3. SOC. 1216 Books in Stacks (Lending)

© WERC Library